000 00489nab a2200145Ia 4500
003 ES-SlBCS
005 20210601134717.0
008 140529s2006 xxu||||| |||| 00| 0 spa d
041 _aspa
100 1 _aDelgado Sánchez-Mateos, Juan
_9218220
245 0 0 _aPublicar sobre crisis y dogmas provoca encuentros. Y desencuentros
_c Juan Delgado Sánchez-Mateos
650 0 4 _aPsicología
_944875
773 0 _tAnuario de Psicologia
_gvol. 37, nº. 1-2, 2006, págs. 99-120
_wRev1509
942 _cAR
999 _c616698
_d616698